000 00454nam a2200181Ia 4500
003 GCL
008 140319s9999 xx 000 0 eng d
040 _aGCL /
_cGCL
082 0 4 _a641.3
_bL L
100 1 _aLIGHT, NICHOLAS
245 1 0 _aLONGMAN FOOD SCIENCE HANDBOOK /
_cLIGHT, NICHOLAS
260 _a[S.N] :
_bLONGMAN YORK PRESS ،
_c1989
300 _a184 P
650 0 4 _aNUTRITION
650 0 4 _aFOOD SCIENCE
650 0 4 _aDIET
942 _2ddc
_cBK
999 _c21064
_d21064